| 000 | 00519nam a22001577a 4500 | ||
|---|---|---|---|
| 003 | OSt | ||
| 005 | 20150927145518.0 | ||
| 008 | 150927b xxu||||| |||| 00| 0 eng d | ||
| 040 | _cRUA | ||
| 082 | _aAGR SOK 1999 B001 Or.1 | ||
| 100 |
_91423 _aSOK, VANNRITH. |
||
| 245 | _aProgramme de developpement de l'hevaculture familiale, កម្មវិធីអភិវឌ្ឍន៏ ដំណាំកៅស៊ូគ្រួសារ | ||
| 260 |
_aPhnom Penh _bRUA _c1999 |
||
| 300 |
_a71p. _bill. _c29cm. |
||
| 942 |
_2ddc _cAGR |
||
| 999 |
_c1338 _d1338 |
||